000 00969cam8a220026500 4500
001 qce00053844
005 20190830102927.0
008 771004s1951 enkc 000 0deng
010 _a 51006491
035 _a(Sirsi) r111153
035 _a(QCAT)lss01737789
035 _a(UPRA)qce00053844
040 _dUPRA
043 _ae-uk-en
245 0 0 _aTrial of Mary Queen of Scots /
_cedited by A. Francis Steuart.
250 _a[2nd ed.].
260 _aLondon :
_bW. Hodge,
_c[1951]
440 0 _aNotable British trials
_6S11353.1
500 _aAccount of the State trial of Mary Stuart for treason.
504 _aBibliographical notes.
700 1 _aSteuart, A. Francis (Archibald Francis).
_qSteuart, A. Francis (Archibald Francis).
_6A71433.1
700 0 _aMary, Queen of Scots, 1542-1587.
_cMary, Queen of Scots, 1542-1587.
_dMary, Queen of Scots, 1542-1587.
_6A71434.1
949 _aK645
_wlcc
_i33729001724215
_mMAIN
_p2500
_tBOOK
_lON-SHELF
004 111153
999 _c184157
_d184157